|
|
|
|
| LEADER |
01365nam a2200325 a 4500 |
| 001 |
c000189841 |
| 003 |
CARM |
| 005 |
20051214111840.0 |
| 008 |
000331s1999 njua 000 0 eng d |
| 019 |
1 |
|
|a 22716184
|5 LACONCORD2021
|
| 020 |
|
|
|a 0130203831
|
| 035 |
|
|
|a (OCoLC)223057979
|5 LACONCORD2021
|
| 040 |
|
|
|a VMOU
|b eng
|c VMOU
|
| 082 |
0 |
4 |
|a 909.09812
|
| 245 |
0 |
0 |
|a Student success & career development.
|
| 246 |
1 |
3 |
|a New York times
|
| 246 |
1 |
3 |
|a Western heritage
|
| 246 |
1 |
0 |
|a Student success and career development
|
| 246 |
1 |
3 |
|a Themes of the times, a contemporary view of selected subjects from the New York times
|
| 260 |
|
|
|a Upper Saddle River, N.J. :
|b Prentice Hall,
|c 1999.
|
| 300 |
|
|
|a 11 p. :
|b ill. ;
|c 58 x 37 cm. (fold. into 30 x 19 cm.).
|
| 500 |
|
|
|a Cover title.
|
| 500 |
|
|
|a At head of title: Themes of the times : a contemporary view of selected sybjects from the pages of the New York times.
|
| 500 |
|
|
|a Supplied with: The Western heritage / Donald Kagan, Steven Ozment, Frank M. Turner.
|
| 650 |
|
0 |
|a Career development.
|
| 650 |
|
0 |
|a Success.
|
| 700 |
1 |
0 |
|a Kagan, Donald.
|t Western heritage.
|
| 852 |
8 |
|
|b CARM
|h A2:AR09F0
|i D09071
|p 0266713
|f BK
|
| 999 |
f |
f |
|i 60e6d573-8e56-5def-882c-87e771fcca72
|s 9742c6a3-9148-5bd1-9ebc-e9e7e94536c3
|
| 952 |
f |
f |
|p Can circulate
|a CAVAL
|b CAVAL
|c CAVAL
|d CARM 1 Store
|e D09071
|f A2:AR09F0
|h Other scheme
|i book
|m 0266713
|